[Event "Russian Championship B13 2016"]
[Site "Loo"]
[Date "2016.04.23"]
[Round "4.3"]
[White "Pogosyan, Stefan"]
[Black "Shihaliev, Leonard"]
[Result "1-0"]
[WhiteElo "2082"]
[BlackElo "1815"]
[PlyCount "99"]
[EventDate "2016.04.20"]

1. d4 Nf6 2. c4 e6 3. g3 c5 4. d5 exd5 5. cxd5 d6 6. Nc3 g6 7. Bg2 Bg7 8. Nf3
O-O 9. O-O Re8 10. Nd2 a6 11. a4 Nbd7 12. Nc4 Ne5 13. Na3 Nh5 14. h3 f5 15. e4
Nf6 16. f4 Nf7 17. exf5 Bxf5 18. g4 Be4 19. Nxe4 Nxe4 20. Qf3 Qe7 21. Nc2 c4
22. Qd1 Qh4 23. Ra3 Re7 24. Qe1 Qxe1 25. Rxe1 c3 26. bxc3 Rae8 27. c4 Nc3 28.
Rxe7 Rxe7 29. Be3 Rc7 30. Bf1 Nxd5 31. cxd5 Rxc2 32. Rb3 Rc3 33. Rxc3 Bxc3 34.
Kf2 Kf8 35. g5 h6 36. h4 hxg5 37. hxg5 Kg7 38. Bb6 Bb4 39. Kf3 Bc3 40. a5 Bb2
41. Bh3 Ba3 42. Bc8 Bc5 43. Bc7 Kf8 44. Bxb7 Ke7 45. Bxa6 Nd8 46. Bc8 Ba7 47.
Bb6 Bb8 48. a6 Nf7 49. a7 Bxa7 50. Bxa7 1-0

[Event "Russian Championship B13 2016"]
[Site "Loo"]
[Date "2016.04.23"]
[Round "4.4"]
[White "Shumilov, Demyan"]
[Black "Yarosh, Ruslan"]
[Result "1-0"]
[WhiteElo "1897"]
[BlackElo "1791"]
[PlyCount "107"]
[EventDate "2016.04.20"]

1. d4 Nf6 2. c4 g6 3. Nc3 Bg7 4. e4 d6 5. f4 O-O 6. Nf3 c5 7. d5 e6 8. dxe6
Bxe6 9. Bd3 Nc6 10. O-O a6 11. Qe2 Re8 12. Bd2 Qc7 13. Qf2 Nb4 14. Be2 Ng4 15.
Qh4 f5 16. Ng5 Bd4+ 17. Kh1 Qe7 18. exf5 gxf5 19. h3 Nf6 20. a3 Nc6 21. Nxe6
Qxe6 22. Rae1 Qf7 23. Bd3 Qh5 24. Qxh5 Nxh5 25. Kh2 Ng7 26. b3 Kf7 27. Nd5 Rxe1
28. Rxe1 h5 29. b4 Re8 30. Rb1 Rb8 31. b5 axb5 32. Rxb5 h4 33. Be1 Bf6 34. Nxf6
Kxf6 35. Bxh4+ Ke6 36. Bf2 Nd8 37. Be2 Ra8 38. Rb3 Kd7 39. Bf3 Kc7 40. Bd5 Nge6
41. Kg3 Nd4 42. Bxd4 cxd4 43. Kf3 Nc6 44. Rd3 Ra4 45. g4 fxg4+ 46. hxg4 Na5 47.
Rxd4 Rxa3+ 48. Ke4 Nb3 49. Rd1 Nc5+ 50. Kf5 Ra8 51. Kg6 Kd7 52. f5 Ke7 53. f6+
Kf8 54. Rh1 1-0

[Event "Russian Championship B13 2016"]
[Site "Loo"]
[Date "2016.04.23"]
[Round "4.5"]
[White "Makarian, Rudik"]
[Black "Tsyrendashiev, Bato"]
[Result "1-0"]
[WhiteElo "2016"]
[BlackElo "1687"]
[PlyCount "73"]
[EventDate "2016.04.20"]

1. d4 d5 2. Nf3 Nf6 3. g3 c5 4. Bg2 e6 5. O-O Nbd7 6. c4 Be7 7. Nc3 O-O 8. b3
Nb6 9. dxc5 Bxc5 10. cxd5 Nbxd5 11. Nxd5 Nxd5 12. Bb2 Qb6 13. e3 Rd8 14. Qe2
Bd7 15. Rad1 Bb5 16. Qc2 Nb4 17. Qc3 f6 18. Nd4 Bxd4 19. Rxd4 Rxd4 20. exd4 Nd5
21. Qc5 Qc6 22. Rc1 Rc8 23. a4 Qxc5 24. Rxc5 Rxc5 25. dxc5 Bd3 26. Bf1 Bc2 27.
Bc4 Kf7 28. Kf1 Ke7 29. Ke2 b6 30. Kd2 Bg6 31. Ba3 Kd7 32. Bb5+ Kc7 33. cxb6+
axb6 34. Bf8 Be4 35. Bxg7 f5 36. Be5+ Kb7 37. Bd7 1-0

[Event "Russian Championship B13 2016"]
[Site "Loo"]
[Date "2016.04.23"]
[Round "4.6"]
[White "Grachev, Alexey"]
[Black "Golovin, Nikita A"]
[Result "0-1"]
[WhiteElo "1990"]
[BlackElo "1853"]
[PlyCount "68"]
[EventDate "2016.04.20"]

1. e4 c5 2. Nf3 d6 3. d4 cxd4 4. Nxd4 Nf6 5. Nc3 a6 6. h3 e5 7. Nde2 Be6 8. g4
h6 9. Bg2 Nbd7 10. O-O b5 11. Ng3 Nb6 12. Nd5 Bxd5 13. exd5 g6 14. b3 Bg7 15.
Be3 O-O 16. c4 bxc4 17. Bxb6 Qxb6 18. bxc4 Rfc8 19. Qd3 Qd4 20. Qxd4 exd4 21.
Rac1 Rab8 22. Rfd1 Nd7 23. Ne2 Rb2 24. Nxd4 Re8 25. Nb3 Ree2 26. Rf1 Rxa2 27.
c5 dxc5 28. Nxc5 Nxc5 29. Rxc5 Bd4 30. Rc8+ Kg7 31. d6 Bxf2+ 32. Rxf2 Rxf2 33.
d7 Rxg2+ 34. Kh1 Rgd2 0-1

[Event "Russian Championship B13 2016"]
[Site "Loo"]
[Date "2016.04.23"]
[Round "4.7"]
[White "Privalov, Igor"]
[Black "Tsybikov, Tumen"]
[Result "0-1"]
[WhiteElo "1864"]
[BlackElo "1977"]
[PlyCount "72"]
[EventDate "2016.04.20"]

1. e4 c5 2. Nf3 d6 3. d4 cxd4 4. Nxd4 Nf6 5. Nc3 a6 6. Bc4 e6 7. Bb3 Nbd7 8.
Bg5 Qa5 9. Qd2 Be7 10. O-O Nc5 11. Rfe1 Qc7 12. a4 h6 13. Bh4 O-O 14. Nf3 b6
15. Rad1 Rd8 16. Ba2 Bb7 17. Qd4 Rac8 18. b4 Ncd7 19. Rd3 Ne5 20. Red1 Nxd3 21.
Rxd3 Qc6 22. Nd2 a5 23. b5 Qc5 24. Qxc5 Rxc5 25. f3 Rdc8 26. Ndb1 Nxe4 27. Bxe7
Nxc3 28. Nxc3 Rxc3 29. Rxc3 Rxc3 30. Bb3 d5 31. Bd8 d4 32. Bxb6 d3 33. Bxa5
dxc2 34. Bxc2 Rxc2 35. Bb6 Rb2 36. Bc5 Ra2 0-1

[Event "Russian Championship B13 2016"]
[Site "Loo"]
[Date "2016.04.23"]
[Round "4.8"]
[White "Stukan, Martin"]
[Black "Esipenko, Aleksandr"]
[Result "1-0"]
[WhiteElo "1956"]
[BlackElo "1846"]
[PlyCount "75"]
[EventDate "2016.04.20"]

1. e4 d5 2. exd5 Qxd5 3. Nc3 Qd6 4. d4 Nf6 5. Nge2 a6 6. g3 Nc6 7. Bf4 Qd8 8.
d5 Nb4 9. Bg2 Bf5 10. O-O Qd7 11. a3 Nxc2 12. Rc1 Nh5 13. Rxc2 Nxf4 14. Nxf4
Bxc2 15. Qxc2 g5 16. Nd3 Qf5 17. Be4 Qf6 18. Qa4+ Kd8 19. Nc5 b5 20. Qc2 Qb6
21. b4 Rb8 22. Rd1 Bg7 23. Qd2 Qf6 24. Ne6+ Ke8 25. Nxg7+ Qxg7 26. Ne2 Qe5 27.
Qc2 Qd6 28. Nd4 h6 29. Nc6 Ra8 30. Qc3 Rg8 31. Bh7 Rf8 32. Re1 e6 33. dxe6 fxe6
34. Qc2 Rc8 35. Rd1 Kd7 36. Ne5+ Kd8 37. Rxd6+ cxd6 38. Qd2 1-0

[Event "Russian Championship B13 2016"]
[Site "Loo"]
[Date "2016.04.23"]
[Round "4.9"]
[White "Kirillov, Dmitry"]
[Black "Mishuris, Matvey"]
[Result "1-0"]
[WhiteElo "1930"]
[BlackElo "1784"]
[PlyCount "99"]
[EventDate "2016.04.20"]

1. e4 c5 2. Nf3 d6 3. d4 cxd4 4. Nxd4 Nf6 5. Nc3 g6 6. Be2 Bg7 7. O-O O-O 8.
Re1 Nc6 9. Nb3 Be6 10. Bg5 Rc8 11. Bf1 Re8 12. Nd5 Nd7 13. c3 Nb6 14. Qd2 Ne5
15. Rad1 Bg4 16. Be2 Nec4 17. Qc1 Bxe2 18. Rxe2 Na4 19. Nd4 Nc5 20. b3 Ne5 21.
f4 Nc6 22. Nb5 f6 23. Bh4 a6 24. Na3 e6 25. Ne3 Nxe4 26. Nec4 b5 27. Rxe4 bxc4
28. Rxc4 d5 29. Ra4 a5 30. Bf2 Qe7 31. c4 Red8 32. Bb6 Rd7 33. cxd5 exd5 34.
Rxa5 Bf8 35. Nb5 Rb7 36. Bf2 Nxa5 37. Qxc8 Rxb5 38. Re1 Qb7 39. Qe6+ Qf7 40.
Qa6 Qb7 41. Qxf6 Qd7 42. Bd4 Qg7 43. Qe6+ Qf7 44. Qe2 Rb8 45. Qe5 Qg7 46. Qxd5+
Qf7 47. Qxa5 Bb4 48. Qe5 Qb7 49. Qh8+ Kf7 50. Qg7# 1-0

[Event "Russian Championship B13 2016"]
[Site "Loo"]
[Date "2016.04.23"]
[Round "4.10"]
[White "Babakekhyan, Artem"]
[Black "Ter-Saakian, Grigorii"]
[Result "1/2-1/2"]
[WhiteElo "1846"]
[BlackElo "1921"]
[PlyCount "80"]
[EventDate "2016.04.20"]

1. Nf3 d5 2. d4 c6 3. c4 e6 4. e3 Bd6 5. Nc3 f5 6. Be2 Nf6 7. c5 Bc7 8. b4 a6
9. Ne5 O-O 10. f4 Ne4 11. Nxe4 fxe4 12. O-O Nd7 13. Bd2 Nxe5 14. fxe5 Bd7 15.
Rxf8+ Qxf8 16. Qe1 Qe7 17. Qg3 Bd8 18. a4 Qh4 19. Qxh4 Bxh4 20. g3 Bg5 21. h4
Be7 22. Rf1 Rf8 23. Rxf8+ Kxf8 24. Kg2 g6 25. Kf2 h6 26. Kg2 g5 27. hxg5 hxg5
28. g4 Be8 29. Kf2 Bd7 30. Ke1 Ke8 31. Kd1 Kd8 32. Kc2 Kc7 33. a5 Bf8 34. Bc3
Be7 35. Bb2 Bf8 36. Bf1 Bh6 37. Bg2 Bg7 38. Kd1 Bh8 39. Ke1 Kd8 40. Bh1 Bc8
1/2-1/2

[Event "Russian Championship B13 2016"]
[Site "Loo"]
[Date "2016.04.23"]
[Round "4.11"]
[White "Zhakamukhov, Eduard"]
[Black "Pshmahov, Osman"]
[Result "1/2-1/2"]
[WhiteElo "1794"]
[BlackElo "1878"]
[PlyCount "98"]
[EventDate "2016.04.20"]

1. e4 c5 2. Nf3 g6 3. d4 cxd4 4. Nxd4 Bg7 5. Nc3 Nc6 6. Be3 d6 7. Qd2 Nf6 8. f3
O-O 9. Bc4 Nxd4 10. Bxd4 Be6 11. Bb3 Nd7 12. Bxg7 Kxg7 13. g4 Qa5 14. Ne2 Qxd2+
15. Kxd2 Bxb3 16. axb3 Ne5 17. Nd4 Nc6 18. Nxc6 bxc6 19. Ra6 Rfc8 20. Rha1 Rc7
21. b4 Kf8 22. R1a5 Rb8 23. c3 Rbb7 24. Kc2 Ke8 25. h4 Kd7 26. h5 Kc8 27. f4
Kb8 28. Ra1 c5 29. bxc5 Rxc5 30. hxg6 hxg6 31. Rh1 Rd7 32. Ra4 e6 33. Rh8+ Rc8
34. Rxc8+ Kxc8 35. Kd3 d5 36. g5 Kb7 37. Rd4 Kc6 38. exd5+ exd5 39. Ra4 Rb7 40.
Ra6+ Kb5 41. Rf6 a5 42. b3 Kc5 43. Kc2 Re7 44. f5 gxf5 45. Rxf5 Kd6 46. Kd3 Kc6
47. c4 Rd7 48. Kd4 dxc4+ 49. Kxc4 Kb6 1/2-1/2

[Event "Russian Championship B13 2016"]
[Site "Loo"]
[Date "2016.04.23"]
[Round "4.12"]
[White "Khaliullin, Albert"]
[Black "Tarasov, Danila"]
[Result "0-1"]
[WhiteElo "1689"]
[BlackElo "1868"]
[PlyCount "96"]
[EventDate "2016.04.20"]

1. e4 c5 2. Nf3 Nc6 3. c3 Nf6 4. e5 Nd5 5. d4 cxd4 6. Bc4 Nb6 7. Bb3 e6 8. cxd4
d5 9. Nc3 Be7 10. O-O Bd7 11. a3 a6 12. Be3 Na5 13. Bc2 Rc8 14. Rb1 Nbc4 15.
Qd3 Qc7 16. Rfc1 Nxb2 17. Rxb2 Qxc3 18. Qxc3 Rxc3 19. Bd2 Rxf3 20. gxf3 Bxa3
21. Ba4 b5 22. Bxb5 axb5 23. Rxb5 Bxb5 24. Rc8+ Kd7 25. Rxh8 Nc6 26. Bc3 Bd3
27. Rg8 Bg6 28. Ra8 Bb4 29. Bxb4 Nxb4 30. Kf1 Nc2 31. Ra4 Kc6 32. Ke2 Kb5 33.
Ra8 Nxd4+ 34. Ke3 Nc2+ 35. Kd2 Kc4 36. f4 Nb4 37. Rg8 Nd3 38. Ke3 d4+ 39. Kf3
Bh5+ 40. Kg3 Nc5 41. f3 d3 42. Kf2 d2 43. Rd8 Nb3 44. Ke2 Bxf3+ 45. Kxf3 Nd4+
46. Rxd4+ Kxd4 47. Ke2 Ke4 48. Kxd2 Kxf4 0-1

[Event "Russian Championship B13 2016"]
[Site "Loo"]
[Date "2016.04.23"]
[Round "4.13"]
[White "Shaykhaliev, Dzhokhar"]
[Black "Mochalin, Faddey"]
[Result "0-1"]
[WhiteElo "1710"]
[BlackElo "1866"]
[PlyCount "108"]
[EventDate "2016.04.20"]

1. e4 e6 2. d4 d5 3. Nc3 Bb4 4. e5 c5 5. a3 Bxc3+ 6. bxc3 Ne7 7. Qg4 cxd4 8.
Qxg7 Rg8 9. Qxh7 Qc7 10. Ne2 Nbc6 11. f4 Bd7 12. Qd3 dxc3 13. Qxc3 Nf5 14. g3
O-O-O 15. Bh3 d4 16. Qc5 b6 17. Qc4 Be8 18. Bxf5 exf5 19. Bb2 Kb8 20. O-O-O Qb7
21. Nxd4 Nxd4 22. Bxd4 Bc6 23. Rhe1 Be4 24. Rd2 Rc8 25. Qb4 Rc6 26. Re3 Rgc8
27. Rc3 Ka8 28. Kb2 Bd5 29. Rxc6 Rxc6 30. Bc3 Rc5 31. Qd4 a5 32. Bb4 axb4 33.
axb4 Be6 34. Qd3 Qa7 35. Qf3+ Kb8 36. Rd8+ Rc8 37. Rxc8+ Kxc8 38. Qc6+ Kd8 39.
c4 Ke7 40. Qd6+ Ke8 41. h4 Qb7 42. Kc3 Qf3+ 43. Qd3 Qh1 44. Kb2 Qg2+ 45. Kc3
Qa2 46. b5 Qa3+ 47. Kd4 Qb4 48. Qe2 Qc5+ 49. Kc3 Qa3+ 50. Kc2 Qa2+ 51. Kd1
Qxe2+ 52. Kxe2 Bxc4+ 53. Ke3 Bxb5 54. Kd4 Be2 0-1

[Event "Russian Championship B13 2016"]
[Site "Loo"]
[Date "2016.04.23"]
[Round "4.14"]
[White "Kulaev, Maxim"]
[Black "Erokhin, Artem"]
[Result "0-1"]
[WhiteElo "1966"]
[BlackElo "1655"]
[PlyCount "80"]
[EventDate "2016.04.20"]

1. Nf3 Nf6 2. g3 g6 3. Bg2 Bg7 4. O-O O-O 5. d4 d6 6. c4 Nc6 7. Nc3 Rb8 8. d5
Na5 9. Nd2 c5 10. a3 e6 11. b4 Nxd5 12. cxd5 Bxc3 13. Rb1 Bxd2 14. Bxd2 Nc4 15.
Bh6 Re8 16. bxc5 dxc5 17. dxe6 Bxe6 18. Bf4 Qxd1 19. Rfxd1 Rbd8 20. Bxb7 Nxa3
21. Rxd8 Rxd8 22. Ra1 Nc2 23. Rc1 Nd4 24. Kf1 Nb3 25. Rb1 c4 26. Ba6 Bf5 27.
Re1 c3 28. Bd3 Bxd3 29. exd3 c2 30. d4 a5 31. Re5 a4 32. Rb5 c1=Q+ 33. Bxc1
Nxc1 34. Ra5 Rxd4 35. f3 Nb3 36. Ra8+ Kg7 37. Ke2 Rd2+ 38. Ke3 Ra2 39. Kd3 Nc1+
40. Kc3 a3 0-1

[Event "Russian Championship B13 2016"]
[Site "Loo"]
[Date "2016.04.23"]
[Round "4.16"]
[White "Don, Aleksandr"]
[Black "Poznyak, Nazar"]
[Result "1/2-1/2"]
[WhiteElo "1933"]
[BlackElo "1762"]
[PlyCount "88"]
[EventDate "2016.04.20"]

1. d4 Nf6 2. c4 c5 3. d5 b5 4. cxb5 a6 5. b6 d6 6. Nc3 g6 7. e4 Bg7 8. Nf3 Nbd7
9. Be2 O-O 10. O-O Qxb6 11. Nd2 Ne8 12. Nc4 Qd8 13. Qc2 Ne5 14. Ne3 Nc7 15. f4
Nd7 16. Nc4 Nb5 17. Be3 Rb8 18. Bf3 Nd4 19. Qd2 Rb4 20. b3 a5 21. Rac1 Ba6 22.
Na4 Qc7 23. Bxd4 Bxd4+ 24. Kh1 Rfb8 25. Be2 Nf6 26. Qc2 Kg7 27. h3 Kg8 28. Rf3
Qd8 29. Rcf1 R4b7 30. f5 Bxc4 31. Bxc4 Qc7 32. Nc3 Be5 33. a4 Kg7 34. Nb5 Qb6
35. g4 g5 36. Na3 h6 37. Bb5 Qc7 38. Nc4 Bd4 39. Re1 Rh8 40. Qd2 Ra7 41. Na3
Be5 42. Bd3 Raa8 43. Nb5 Qb6 44. Rg1 Nd7 1/2-1/2

[Event "Russian Championship B13 2016"]
[Site "Loo"]
[Date "2016.04.23"]
[Round "4.17"]
[White "Ismagilov, Damir"]
[Black "Gabitov, Bulat"]
[Result "1-0"]
[WhiteElo "1929"]
[BlackElo "1742"]
[PlyCount "121"]
[EventDate "2016.04.20"]

1. d4 Nf6 2. Nf3 g6 3. Bg5 Bg7 4. Nbd2 O-O 5. e4 d6 6. Bc4 c5 7. c3 Nc6 8. dxc5
dxc5 9. O-O Bg4 10. Be2 Bxf3 11. Bxf3 Qc7 12. Qc2 h6 13. Bh4 Rfd8 14. Rfd1 e5
15. Nc4 Rxd1+ 16. Rxd1 Rd8 17. Ne3 Ne7 18. Bg3 Ne8 19. Bh4 Bf6 20. Bg3 Bg7 21.
Be2 Rxd1+ 22. Qxd1 Nd6 23. f3 c4 24. Bf2 b5 25. Bh4 g5 26. Bf2 a6 27. Nd5 Nxd5
28. Qxd5 Nb7 29. a4 Nd6 30. Bc5 Nb7 31. Be3 Nd6 32. Bc5 Nb7 33. Bf2 Nd6 34. h4
Bf6 35. hxg5 hxg5 36. Bg3 bxa4 37. Qa8+ Qc8 38. Qxc8+ Nxc8 39. Bxc4 a5 40. Bb5
Nb6 41. Bf2 Bd8 42. c4 Bc7 43. Be3 f6 44. Bd2 Nc8 45. Bxa4 Kf7 46. Kf2 Ke6 47.
Be3 Nb6 48. Bb5 Nd7 49. Bxd7+ Kxd7 50. Bc5 Bd8 51. b3 Kc6 52. Ba3 Bb6+ 53. Kg3
Kd7 54. Kg4 Ke6 55. Kh5 Kf7 56. Bd6 Ke6 57. c5 Bd8 58. Kg6 Kd7 59. Kf7 Bc7 60.
Bxc7 Kxc7 61. Kxf6 1-0

[Event "Russian Championship B13 2016"]
[Site "Loo"]
[Date "2016.04.23"]
[Round "4.18"]
[White "Polyanskiy, Vladislav"]
[Black "Grankin, Alexey"]
[Result "1/2-1/2"]
[WhiteElo "1873"]
[BlackElo "1734"]
[PlyCount "76"]
[EventDate "2016.04.20"]

1. d4 d5 2. Nf3 Nf6 3. c4 e6 4. e3 c5 5. cxd5 Nxd5 6. Be2 Nc6 7. O-O Be7 8. Nc3
O-O 9. Nxd5 Qxd5 10. dxc5 Qxc5 11. Qb3 Rd8 12. Bd2 b6 13. Rac1 Qd6 14. Rfd1 Bb7
15. h3 Rac8 16. Bc3 Qb8 17. Rxd8+ Rxd8 18. Rd1 Rxd1+ 19. Qxd1 Qd6 20. Qxd6 Bxd6
21. Nd4 Kf8 22. Bf3 Nxd4 23. Bxb7 Ne2+ 24. Kf1 Nxc3 25. bxc3 Be5 26. c4 Ke7 27.
Ke2 Kd6 28. Kd3 Kc5 29. Ba6 Kb4 30. Kc2 Bh2 31. e4 Bg1 32. f3 Ka3 33. Kb1 Bf2
34. Bb5 Kb4 35. Kc2 Ka3 36. Kb1 Kb4 37. Kc2 Ka3 38. Kb1 Kb4 1/2-1/2

[Event "Russian Championship B13 2016"]
[Site "Loo"]
[Date "2016.04.23"]
[Round "4.19"]
[White "Rustamov, Sezqin"]
[Black "Kataev, Aleksandr"]
[Result "0-1"]
[WhiteElo "1732"]
[BlackElo "1800"]
[PlyCount "90"]
[EventDate "2016.04.20"]

1. e4 e6 2. d4 d5 3. Nd2 Nf6 4. e5 Nfd7 5. Bd3 c5 6. c3 Nc6 7. Ngf3 Qb6 8. O-O
cxd4 9. cxd4 Nxd4 10. Nxd4 Qxd4 11. Nf3 Qb6 12. Qa4 Qb4 13. Qc2 Nc5 14. Bd2 Qa4
15. b3 Qc6 16. Nd4 Qb6 17. Bxh7 Ne4 18. Bxe4 Qxd4 19. Bd3 Qxe5 20. Bb5+ Bd7 21.
Bxd7+ Kxd7 22. f4 Qd4+ 23. Kh1 Rc8 24. Qd1 Bd6 25. Qe2 a6 26. Rac1 Rxc1 27.
Bxc1 Qc3 28. Qe3 Qxe3 29. Bxe3 f6 30. h3 Rc8 31. Rc1 Rxc1+ 32. Bxc1 e5 33. f5
d4 34. Kg1 e4 35. Kf2 Kc6 36. Ke2 Kd5 37. g4 Ke5 38. a4 d3+ 39. Ke3 Bc5+ 40.
Kd2 Kf4 41. Kc3+ Kf3 42. g5 Be3 43. gxf6 gxf6 44. Ba3 d2 45. Kc2 Ke2 0-1

[Event "Russian Championship B13 2016"]
[Site "Loo"]
[Date "2016.04.23"]
[Round "4.20"]
[White "Tsoi, Dmitry"]
[Black "Kozubov, Mikhail"]
[Result "1-0"]
[WhiteElo "2127"]
[BlackElo "1687"]
[PlyCount "59"]
[EventDate "2016.04.20"]

1. e4 e6 2. d4 d5 3. Nc3 Nf6 4. Bg5 Bb4 5. e5 h6 6. Be3 Ne4 7. Qg4 g5 8. a3
Bxc3+ 9. bxc3 Nxc3 10. Bd3 Bd7 11. h4 Rg8 12. hxg5 hxg5 13. Nf3 Bb5 14. Nxg5
Qe7 15. Rh7 Bxd3 16. cxd3 Nc6 17. Qf4 Rf8 18. Rg7 Na4 19. Nh7 Rh8 20. Nf6+ Kd8
21. Qh4 Rf8 22. Bg5 Kc8 23. Nh7 Qe8 24. Nxf8 Qxf8 25. Qh7 Ne7 26. Rxf7 Qe8 27.
Rxe7 Qf8 28. Rxc7+ Kb8 29. Rxb7+ Kc8 30. Qc7# 1-0

[Event "Russian Championship B13 2016"]
[Site "Loo"]
[Date "2016.04.23"]
[Round "4.21"]
[White "Galichkin, Ilya"]
[Black "Shadunts, Kirill"]
[Result "1/2-1/2"]
[WhiteElo "1866"]
[BlackElo "1715"]
[PlyCount "49"]
[EventDate "2016.04.20"]

1. e4 e6 2. d4 d5 3. Nc3 Bb4 4. e5 c5 5. a3 Bxc3+ 6. bxc3 Qa5 7. Bd2 Qa4 8. Nf3
Nc6 9. Bd3 c4 10. Bf1 Nge7 11. h4 Bd7 12. g3 O-O-O 13. Bh3 Rdf8 14. O-O f6 15.
Re1 f5 16. Nh2 Be8 17. f4 h5 18. Nf3 g6 19. Qb1 Kc7 20. Qb2 Nc8 21. Qb1 N8e7
22. Qb2 Nc8 23. Qb1 N8e7 24. Qb2 Nc8 25. Qb1 1/2-1/2

[Event "Russian Championship B13 2016"]
[Site "Loo"]
[Date "2016.04.23"]
[Round "4.22"]
[White "Rubtsov, Aleksandr"]
[Black "Petrushin, Dmitriy"]
[Result "1-0"]
[WhiteElo "1834"]
[BlackElo "1699"]
[PlyCount "161"]
[EventDate "2016.04.20"]

1. e4 d5 2. exd5 Qxd5 3. Nc3 Qd6 4. d4 Nf6 5. Nge2 c6 6. Bf4 Qb4 7. b3 Bg4 8.
f3 Bf5 9. a3 Qb6 10. Ng3 Bg6 11. Bc4 e6 12. O-O Be7 13. Kh1 O-O 14. Nce4 Nd5
15. Bxd5 cxd5 16. Nf2 Nc6 17. c3 Rac8 18. b4 Qd8 19. Nd3 h6 20. Re1 Bd6 21.
Bxd6 Qxd6 22. Ra2 Ne7 23. Qd2 Rc7 24. Rc1 Rfc8 25. Ne2 Nc6 26. f4 b6 27. h3 Ne7
28. Rf1 Bh5 29. g4 Bg6 30. Ne5 Be4+ 31. Kg1 f6 32. Nd3 Ng6 33. Raa1 Nh4 34. Qe3
Qe7 35. Qg3 Ng6 36. Nf2 Bc2 37. Rac1 Ba4 38. Nd3 Bb5 39. Rf3 f5 40. Rc2 fxg4
41. hxg4 Qf6 42. Ne5 Nxe5 43. dxe5 Qg6 44. Nd4 Ba4 45. Rc1 Rc4 46. Re1 Bd7 47.
Rd3 Rf8 48. Rf1 Bc8 49. Rdf3 Rc7 50. Nb5 Re7 51. Nd6 Bd7 52. Qg2 d4 53. Qg3 Bc6
54. Rd3 dxc3 55. Rxc3 Bd5 56. Re1 Rd7 57. Rf1 Re7 58. b5 Kh7 59. Qh4 Rd7 60.
Kh2 Kg8 61. Qg3 Kh7 62. Rcc1 Re7 63. Rc3 Kg8 64. Kg1 Rd7 65. Kf2 Qg5 66. Ke3
Qe7 67. Kd2 Rc7 68. Rfc1 Rxc3 69. Rxc3 g5 70. f5 exf5 71. gxf5 Rd8 72. Qh2 Kh7
73. Rh3 Qg7 74. Rd3 Ba8 75. Qg3 Bb7 76. f6 Qc7 77. Nxb7 Rc8 78. Rc3 Qd7+ 79.
Nd6 Rg8 80. Qd3+ Rg6 81. Nf5 1-0

[Event "Russian Championship B13 2016"]
[Site "Loo"]
[Date "2016.04.23"]
[Round "4.23"]
[White "Kharitonov, Egor"]
[Black "Evseev, Andrew"]
[Result "1-0"]
[WhiteElo "1782"]
[BlackElo "1682"]
[PlyCount "109"]
[EventDate "2016.04.20"]

1. d4 d5 2. c4 e6 3. Nc3 Nf6 4. cxd5 exd5 5. Bg5 c6 6. Qc2 Bb4 7. e3 Be6 8. Bd3
Nbd7 9. Nf3 h6 10. Bh4 Bg4 11. Nd2 g5 12. Bg3 Qe7 13. a3 Bd6 14. Bxd6 Qxd6 15.
Bf5 Bxf5 16. Qxf5 Qe6 17. Qxe6+ fxe6 18. b4 e5 19. Nb3 e4 20. Na4 O-O-O 21. Rc1
Nb6 22. Nb2 a6 23. a4 Kc7 24. Ke2 Nbd7 25. Rc2 Rhf8 26. h3 g4 27. hxg4 Nxg4 28.
f3 Ngf6 29. Rxh6 Rh8 30. Rxh8 Rxh8 31. Nc5 Rh2 32. Kf2 exf3 33. Kxf3 Nxc5 34.
bxc5 Ne4 35. Nd3 Rh8 36. Nf4 Rh1 37. Nh3 Ra1 38. Nf2 Ng5+ 39. Kg4 Ne6 40. Kf5
Kd7 41. Rb2 Nd8 42. g4 Rxa4 43. g5 Ra1 44. Kf6 Rg1 45. g6 Rg3 46. Nd3 Rf3+ 47.
Nf4 Rxe3 48. g7 Re8 49. Re2 Rg8 50. Re7+ Kc8 51. Kg6 b5 52. cxb6 c5 53. dxc5
Nc6 54. Rc7+ Kb8 55. Rxc6 1-0

[Event "Russian Championship B13 2016"]
[Site "Loo"]
[Date "2016.04.23"]
[Round "4.24"]
[White "Terzyan, Nazar"]
[Black "Sabirov, Timur"]
[Result "0-1"]
[WhiteElo "1708"]
[BlackElo "1781"]
[PlyCount "114"]
[EventDate "2016.04.20"]

1. e4 c5 2. Nf3 Nc6 3. d4 cxd4 4. Nxd4 d5 5. Bb5 dxe4 6. Nxc6 Qxd1+ 7. Kxd1 a6
8. Nxe7+ Kxe7 9. Bc4 Bg4+ 10. Ke1 Rd8 11. Bd2 Be6 12. Bb3 f5 13. Nc3 Nf6 14.
Rd1 Bxb3 15. axb3 Ke6 16. Ne2 Bc5 17. Rf1 h6 18. f3 e3 19. Nf4+ Kf7 20. Bc3
Rxd1+ 21. Kxd1 Rd8+ 22. Ke2 g5 23. Nd3 Ba7 24. Rd1 Nd5 25. Be5 h5 26. c4 Ne7
27. f4 Ng6 28. g3 g4 29. c5 h4 30. b4 Re8 31. Kxe3 Bb8 32. Kf2 hxg3+ 33. Kxg3
Nxe5 34. Nxe5+ Bxe5 35. fxe5 Rxe5 36. Rd3 Kf6 37. Rd6+ Re6 38. Rd7 Re7 39. Rd6+
Kg5 40. h4+ gxh3 41. Kxh3 Re3+ 42. Kg2 Re2+ 43. Kf1 Rxb2 44. Rb6 Rc2 45. Rxb7
a5 46. bxa5 Rxc5 47. a6 Ra5 48. a7 Ra2 49. Rf7 Kg4 50. Kg1 f4 51. Rc7 Kg3 52.
Rc3+ f3 53. Rc1 Rxa7 54. Rb1 Rh7 55. Rf1 Rd7 56. Rc1 Rd2 57. Kf1 Rh2 0-1

[Event "Russian Championship B13 2016"]
[Site "Loo"]
[Date "2016.04.23"]
[Round "4.25"]
[White "Belkov, Nikolay"]
[Black "Gafarov, Damir"]
[Result "1-0"]
[WhiteElo "1779"]
[BlackElo "1597"]
[PlyCount "43"]
[EventDate "2016.04.20"]

1. d4 Nf6 2. c4 g6 3. Nc3 Bg7 4. e4 d6 5. f3 O-O 6. Bg5 h6 7. Be3 Nbd7 8. Nh3
c5 9. d5 a6 10. a4 Ne5 11. Nf2 e6 12. Be2 exd5 13. exd5 g5 14. h4 gxh4 15. Qd2
Kh7 16. O-O-O Bd7 17. Rxh4 Nfg4 18. Rxg4 Nxg4 19. fxg4 Rh8 20. Rh1 Qf6 21. g5
Qg6 22. Bh5 1-0

[Event "Russian Championship B13 2016"]
[Site "Loo"]
[Date "2016.04.23"]
[Round "4.26"]
[White "Boyko, Aleksandr"]
[Black "Goren, Aleksandr"]
[Result "0-1"]
[WhiteElo "1635"]
[BlackElo "1777"]
[PlyCount "72"]
[EventDate "2016.04.20"]

1. d4 d5 2. c4 c6 3. Nc3 Nf6 4. Nf3 a6 5. Bf4 b5 6. cxd5 cxd5 7. a3 e6 8. h3
Bb7 9. e3 Be7 10. Bd3 Nbd7 11. O-O O-O 12. Qe2 Nb6 13. Ne5 Nc4 14. Rac1 Rc8 15.
Na2 Ne8 16. a4 Nxe5 17. Bxe5 Rxc1 18. Rxc1 Qa5 19. Qc2 f5 20. b3 Ba3 21. Rb1
Bd6 22. Bxd6 Nxd6 23. axb5 axb5 24. Ra1 Ne4 25. Bxe4 dxe4 26. b4 Qa6 27. Qb2
Ra8 28. Kh1 Bd5 29. Kg1 Bxa2 30. Kh1 g5 31. g3 Kf7 32. Qd2 Ke7 33. Qb2 f4 34.
Qc2 Kf6 35. Qb2 Qa3 36. Qc2 Qd3 0-1

[Event "Russian Championship B13 2016"]
[Site "Loo"]
[Date "2016.04.23"]
[Round "4.27"]
[White "Pestryakov, Nikita"]
[Black "Kulik, Artur"]
[Result "0-1"]
[WhiteElo "1659"]
[BlackElo "1739"]
[PlyCount "64"]
[EventDate "2016.04.20"]

1. e4 c5 2. Nf3 d6 3. d4 cxd4 4. Nxd4 Nf6 5. Nc3 g6 6. f3 Bg7 7. Be3 O-O 8. Qd2
Nc6 9. g4 Nd7 10. O-O-O Nde5 11. Be2 Na5 12. Bf2 Nac4 13. Bxc4 Nxc4 14. Qe2 Ne5
15. h4 Bd7 16. Rdg1 Rc8 17. h5 Nc4 18. Nd1 Qa5 19. Kb1 Qb4 20. c3 Na3+ 21. Ka1
Bxd4 22. Bxd4 Qxd4 23. bxa3 Qc5 24. hxg6 fxg6 25. Qh2 Rf7 26. Qb2 b5 27. Qb3
Qe5 28. Rh3 Be6 29. Qb2 Rcf8 30. Qe2 Qc5 31. Rgh1 Qxa3 32. Qxb5 Qxa2# 0-1

[Event "Russian Championship B13 2016"]
[Site "Loo"]
[Date "2016.04.23"]
[Round "4.28"]
[White "Radochin, Oleg"]
[Black "Zheleznov, Daniil"]
[Result "1-0"]
[WhiteElo "1729"]
[BlackElo "1567"]
[PlyCount "71"]
[EventDate "2016.04.20"]

1. e4 d6 2. d4 Nf6 3. Nc3 g6 4. Be3 Bg7 5. f3 O-O 6. Qd2 Nbd7 7. O-O-O c6 8. h4
b5 9. g4 Nb6 10. h5 Nc4 11. Bxc4 bxc4 12. hxg6 fxg6 13. Bh6 Rf7 14. Bxg7 Rxg7
15. e5 Nd5 16. Nxd5 cxd5 17. exd6 Qxd6 18. Kb1 Rb8 19. Ka1 e6 20. Rb1 Rgb7 21.
Ne2 Rb4 22. Qh6 R8b7 23. Qe3 Qb6 24. Qc3 Qa6 25. a3 Ra4 26. Ka2 Bd7 27. f4 Rab4
28. Ng3 R4b6 29. Rhf1 Rc7 30. f5 exf5 31. gxf5 Be8 32. fxg6 Bxg6 33. Qf3 Bf7
34. Nh5 Rcc6 35. Qxf7+ Kh8 36. Qg7# 1-0